LEADER 01181nam a2200301 a 4500 001 000000141089 003 CaOOAMICUS 005 20150112124639.0 008 150112s2014 it u000 u ita r 020 $a978-88-14-18914-2 040 $aPUL$bita 100 1 $aFrezza, Giampaolo.$0(OLS)http://pul/name/86940 245 10$aTrascrizione delle domande giudiziali /$cGiampaolo Frezza. 260 $aMilano :$bGiuffrè,$c©2014. 300 $aXXI, 509 p. ;$c25 cm 490 1 $aIl Codice civile.$aCommentario 500 $aInclude indici. 504 $aBibliografia in nota. 505 $aArtt. 2652-2653. 650 4$aDiritto civile$zItalia.$0(OLS)http://pul/subject/3770 830 3$aIl Codice civile.$pCommentario.$0(OLS)http://pul/title/53143 850 $aPUL 852 $aPUL$W1$xSL Diritto e Scienze Sociali 3$y79$m300 A 1.2652$j162860$qDDC 21$B162575$CPULBib$Z2$F162575 $H125229 $82 941 1 $a9 996 $6020$a978-88-14-18914-2$9(OLS)http://pul/number/156659 996 $6245$aTrascrizione delle domande giudiziali$9(OLS)http://pul/title/178548 996 $6260$aMilano :$bGiuffrè$9(OLS)http://pul/publisher/48401 LEADER 01519nam a2200265 a 4500 001 000000162010 003 CaOOAMICUS 005 20170718113734.0 008 170718s1985 it m 001 u por r 032 $aLibriCat 040 $aPUL$bita 100 1 $aDevellard, José Roberto R.$0(OLS)http://pul/name/103860 245 10$aArquitetura sacra como expressão de una evangelização inculturada :$b"A catedral de São Sebastião do Rio de Janeiro no contexto de uma pastoral evangelizadora, numa sociedade pluralista" /$cauctore José Roberto R. Devellard. 260 $aRoma :$bPontificia Università Gregoriana,$c1985. 300 $a294 p. ;$c24 cm. 502 $aEstratto da tesi -- Pontificia Universitas Gregoriana. Facultas missiologica. 1985. 504 $aBibliografia in nota. 610 14$aRio de Janeiro (diocesi)$xStoria.$0(OLS)http://pul/subject/34627 710 2 $aPontificia Università Gregoriana.$bFacoltà di missiologia.$kTesi.$0(OLS)http://pul/name/82191 850 $aPUL 852 $aPUL$W1$xDP1 Tesi Pon. Univ. Gregoriana$y40$mTH PUG 3289$j185993$qTesi$B189213$CPULBib$Z2$F189213 $H54992 $82 941 1 $a16 996 $6245$aArquitetura sacra como expressão de una evangelização inculturada :$b"A catedral de São Sebastião do Rio de Janeiro no contexto de uma pastoral evangelizadora, numa sociedade pluralista"$9(OLS)http://pul/title/201773 996 $6260$aRoma :$bPontificia Università Gregoriana$9(OLS)http://pul/publisher/47853